00350nam a2200121Ia 4500008004100000041000800041082001400049100002500063245006500088260002700153300001900180520002900199240719s9999 xx 000 0 und d aeng a658.8 BHA aBhatia, Singh Puneet aSocial Media And Mobile Marketing Includes Online Worksheets aNew DelhibWileyc2019 a272;. P. 24 Cm aGifted By : IMT Faculty